Introduction to PSpice manual, using ORCad release 9.2 to accompany Electric circuits / (Record no. 1487)
[ view plain ]
| 000 -LEADER | |
|---|---|
| fixed length control field | 01279cam a22003255a 4500 |
| 005 - DATE AND TIME OF LATEST TRANSACTION | |
| control field | 20201124142348.0 |
| 006 - FIXED-LENGTH DATA ELEMENTS--ADDITIONAL MATERIAL CHARACTERISTICS--GENERAL INFORMATION | |
| fixed length control field | a||||fr||z| 00| 0 |
| 008 - FIXED-LENGTH DATA ELEMENTS--GENERAL INFORMATION | |
| fixed length control field | 150816t20051983njua frb 001 0 eng d |
| 010 ## - LIBRARY OF CONGRESS CONTROL NUMBER | |
| LC control number | 2006530753 |
| 020 ## - INTERNATIONAL STANDARD BOOK NUMBER | |
| International Standard Book Number | 0131465953 |
| 020 ## - INTERNATIONAL STANDARD BOOK NUMBER | |
| International Standard Book Number | 0131474448 (CD-ROM) |
| 035 ## - SYSTEM CONTROL NUMBER | |
| System control number | (OCoLC)ocm56473240 |
| 040 ## - CATALOGING SOURCE | |
| Original cataloging agency | EG-ScBUE |
| Language of cataloging | eng |
| Transcribing agency | EG-ScBUE |
| 082 04 - DEWEY DECIMAL CLASSIFICATION NUMBER | |
| Classification number | 621.3192 |
| Item number | NIL |
| Edition number | 22 |
| 245 10 - TITLE STATEMENT | |
| Title | Introduction to PSpice manual, using ORCad release 9.2 to accompany Electric circuits / |
| Statement of responsibility, etc | James W. Nilsson, Susan A. Riedel. |
| 260 ## - PUBLICATION, DISTRIBUTION, ETC. (IMPRINT) | |
| Place of publication, distribution, etc | Upper Saddle River : |
| Name of publisher, distributor, etc | Pearson/Prentice Hall, |
| Date of publication, distribution, etc | c.2005. |
| 300 ## - PHYSICAL DESCRIPTION | |
| Extent | ix, 132 p. : |
| Other physical details | ill. ; |
| Dimensions | 24 cm. + |
| Accompanying material | 1 CD-ROM (4 3/4 in.) |
| 500 ## - GENERAL NOTE | |
| General note | Index : p.129-132. |
| 500 ## - GENERAL NOTE | |
| General note | Appendix : p. 115-128.<br/> |
| 500 ## - GENERAL NOTE | |
| General note | Disc contains OrCAD Lite version 9.2 to focus on dc analysis, transient analysis, and steady-state sinusoidal (ac) analysis. |
| 504 ## - BIBLIOGRAPHY, ETC. NOTE | |
| Bibliography, etc | Include bibliographical reference. |
| 590 ## - LOCAL NOTE (RLIN) | |
| Local note | doaa moahmed |
| 650 #0 - SUBJECT ADDED ENTRY--TOPICAL TERM | |
| Topical term or geographic name as entry element | Electric circuits. |
| Source of heading or term | BUEsh |
| 650 #0 - SUBJECT ADDED ENTRY--TOPICAL TERM | |
| Topical term or geographic name as entry element | Electric circuit analysis |
| General subdivision | Data processing. |
| Source of heading or term | BUEsh |
| 9 (RLIN) | 23388 |
| 651 ## - SUBJECT ADDED ENTRY--GEOGRAPHIC NAME | |
| Source of heading or term | BUEsh |
| 653 ## - INDEX TERM--UNCONTROLLED | |
| Resource For college | Engineering, Electrical |
| Arrived date list | August2015 |
| 655 ## - INDEX TERM--GENRE/FORM | |
| Form subdivision | |
| -- | 33728 |
| 700 1# - ADDED ENTRY--PERSONAL NAME | |
| Personal name | Riedel, Susan A. |
| 9 (RLIN) | 19762 |
| 856 41 - ELECTRONIC LOCATION AND ACCESS | |
| Materials specified | Table of contents only |
| Uniform Resource Identifier | <a href="http://www.loc.gov/catdir/toc/fy0612/2006530753.html">http://www.loc.gov/catdir/toc/fy0612/2006530753.html</a> |
| Withdrawn status | Item status | Source of classification or shelving scheme | Damaged status | Not for loan | Home library | Current library | Shelving location | Date acquired | Source of acquisition | Total Checkouts | Total Renewals | Full call number | Barcode | Date last seen | Date last borrowed | Koha item type |
|---|---|---|---|---|---|---|---|---|---|---|---|---|---|---|---|---|
| Dewey Decimal Classification | Central Library | Central Library | First floor | 19/10/2006 | Purchase | 1 | 3 | 621.3192 NIL | 000002895 | 15/07/2025 | 27/09/2012 | Book - Borrowing | ||||
| Dewey Decimal Classification | Central Library | Central Library | First floor | 19/10/2006 | Purchase | 1 | 3 | 621.3192 NIL | 000002892 | 15/07/2025 | 27/09/2012 | Book - Borrowing | ||||
| Dewey Decimal Classification | Central Library | Central Library | First floor | 10/09/2015 | Purchase | 621.3192 NIL | 000039570 | 24/08/2022 | CD | DVD - With book |